Fr. Conceicao Rodrigues College of Engineering

Operational Amplifiers and Linear Intergrated Circuits (Record no. 24197)

MARC details
000 -LEADER
fixed length control field 00346nam a2200145Ia 4500
082 ## - DEWEY DECIMAL CLASSIFICATION NUMBER
Classification number 621.381535
Item number DAI
100 ## - MAIN ENTRY--PERSONAL NAME
Personal name Dailley/Denton J
250 ## - EDITION STATEMENT
Edition statement 4
245 ## - TITLE STATEMENT
Title Operational Amplifiers and Linear Intergrated Circuits
260 ## - PUBLICATION, DISTRIBUTION, ETC.
Name of publisher, distributor, etc. Mc Graw Hill
Place of publication, distribution, etc. New York
Date of publication, distribution, etc. 1989
300 ## - PHYSICAL DESCRIPTION
Extent 418
546 ## - LANGUAGE NOTE
Language note ENGLISH
654 ## - SUBJECT ADDED ENTRY--FACETED TOPICAL TERMS
Focus term operational
942 ## - ADDED ENTRY ELEMENTS (KOHA)
Koha item type BOOK
Holdings
Withdrawn status Lost status Damaged status Not for loan Collection Home library Current library Date acquired Cost, normal purchase price Total Checkouts Full call number Barcode Date last seen Cost, replacement price Price effective from Koha item type
        CRC Fr. Agnel's C.Rodrigues College of Engineering Fr. Agnel's C.Rodrigues College of Engineering 17/03/2023 363.54   621.381535 DAI 5732 17/03/2023 363.54 17/03/2023 BOOK